The simple seven (Record no. 73056)

MARC details
000 -LEADER
fixed length control field 00933cam a2200205 4500
001 - CONTROL NUMBER
control field X123020
008 - FIXED-LENGTH DATA ELEMENTS--GENERAL INFORMATION
fixed length control field 030716n2003 000 0 eng u
035 ## - SYSTEM CONTROL NUMBER
System control number (Sirsi) u123020
100 ## - MAIN ENTRY--PERSONAL NAME
Personal name Klein, R.
245 #4 - TITLE STATEMENT
Title The simple seven
260 ## - PUBLICATION, DISTRIBUTION, ETC.
Date of publication, distribution, etc. 2003
490 ## - SERIES STATEMENT
Series statement Building
Volume/sequential designation 268(8287) 13 June 2003, 49(1)
520 ## - SUMMARY, ETC.
Summary, etc. Construction payment practices are still causing many problems and, in the public sector, are even holding back some smaller firms from seeking public sector contracts. Criticises the Housing Grants, Construction and Regeneration Act 1996 for not doing enough to remedy the situation. Puts forward seven straightforward steps that could be used to improve the payment process.
650 ## - SUBJECT ADDED ENTRY--TOPICAL TERM
Topical term or geographic name entry element PAYMENT PROCEDURES
650 ## - SUBJECT ADDED ENTRY--TOPICAL TERM
Topical term or geographic name entry element BUILDING CONTRACTORS
650 ## - SUBJECT ADDED ENTRY--TOPICAL TERM
Topical term or geographic name entry element HOUSING GRANTS, CONSTRUCTION AND REGENERATION ACT 1996
650 ## - SUBJECT ADDED ENTRY--TOPICAL TERM
Topical term or geographic name entry element PUBLIC SECTOR
690 ## - LOCAL SUBJECT ADDED ENTRY--TOPICAL TERM (OCLC, RLIN)
Topical term or geographic name as entry element BUILT ENVIRONMENT-BUILDING STANDARDS
942 ## - ADDED ENTRY ELEMENTS (KOHA)
Suppress in OPAC 0
Holdings
Withdrawn status Lost status Source of classification or shelving scheme Damaged status Not for loan Home library Current library Shelving location Date acquired Total Checkouts Full call number Barcode Date last seen Copy number Price effective from Koha item type
    Dewey Decimal Classification     London London Journal article 16/07/2003   X123020 123020-1001 06/08/2019 1 06/08/2019 Journal article